Normal view
MARC view
Entry Personal Name
001 - CONTROL NUMBER
- control field: 699708
003 - CONTROL NUMBER IDENTIFIER
- control field: OSt
005 - DATE AND TIME OF LATEST TRANSACTION
- control field: 20221007082857.0
008 - FIXED-LENGTH DATA ELEMENTS
- fixed length control field: 221007|| aca||aabn | a|a d
040 ## - CATALOGING SOURCE
- Original cataloging agency: OSt
- Transcribing agency: OSt
100 ## - HEADING--PERSONAL NAME
- Personal name: Febroneous Silkam Sangma
670 ## - SOURCE DATA FOUND
- Source citation: Work cat.: (OSt)1168041: Febroneous Silkam Sangma, Right to freedom from hunger and right to food as human rights, 2007
